Discrete Mathematics and its applications
Tallennettuna:
| Päätekijä: | |
|---|---|
| Aineistotyyppi: | Kirja |
| Kieli: | englanti |
| Julkaistu: |
Nueva York, USA.
McGraw-Hill,
2019
|
| Painos: | 8a. ed |
| Aiheet: | |
| Tagit: |
Lisää tagi
Ei tageja, Lisää ensimmäinen tagi!
|
MARC
| LEADER | 00000cam a2200000 a 4500 | ||
|---|---|---|---|
| 001 | UCC9814 | ||
| 003 | CL-VaPUC | ||
| 005 | 20211129104222.0 | ||
| 008 | 191111e20190000us eng d | ||
| 999 | |c 177739 |d 177737 | ||
| 020 | |a 9781260091991 | ||
| 040 | |c Pontificia Universidad Católica de Valparaíso | ||
| 082 | 0 | 4 | |a 515 ROS 2019 |2 21 |
| 100 | |a Rosen, Kenneth H |e author |9 605142 | ||
| 245 | 1 | 0 | |a Discrete Mathematics and its applications |
| 250 | |a 8a. ed | ||
| 260 | |a Nueva York, USA. |b McGraw-Hill, |c 2019 | ||
| 300 | |a 942 páginas | ||
| 583 | |a last modification |c 20191111 01:17:00 |k cmena | ||
| 650 | 0 | 0 | |a Teoría de funciones |9 374177 |
| 650 | 0 | 0 | |a Funciones trigonométricas |9 421678 |
| 650 | 0 | 0 | |a Derivadas |9 354237 |
| 650 | 0 | 0 | |a Integrales |9 260233 |
| 650 | 0 | 0 | |a Cálculo |9 260234 |
| 942 | |c BK |2 ddc | ||
| 945 | |a dcastane |d 20191111 01:17:00 | ||
| 952 | |0 0 |1 0 |3 erb |4 0 |6 515_000000000000000_ROS_2019 |7 0 |8 A |9 495425 |a BIBGIM |b BIBGIM |d 2019-10-17 |e 1 |g 66872.00 |i 556512K |o 515 ROS 2019 |p 556512K |r 2025-01-15 |w 2020-01-06 |y BK |z Catalogado en:20191111 |k EST | ||
| 952 | |0 0 |1 0 |3 erb |4 0 |6 515_000000000000000_ROS_2019 |7 0 |8 A |9 495426 |a BIBGIM |b BIBGIM |d 2019-10-17 |e 1 |g 66872.00 |i 5565138 |o 515 ROS 2019 |p 5565138 |r 2025-01-15 |w 2020-01-06 |y BK |z Catalogado en:20191111 |k EST | ||
| 952 | |0 0 |1 0 |3 erb |4 0 |6 515_000000000000000_ROS_2019 |7 0 |8 A |9 495427 |a BIBGIM |b BIBGIM |d 2019-10-17 |e 1 |g 66872.00 |i 5565146 |o 515 ROS 2019 |p 5565146 |r 2025-01-15 |w 2020-01-06 |y BK |z Catalogado en:20191111 |k EST | ||
| 952 | |0 0 |1 0 |3 erb |4 0 |6 515_000000000000000_ROS_2019 |7 0 |8 A |9 495428 |a BIBGIM |b BIBGIM |d 2019-10-17 |e 1 |g 66872.00 |i 5565154 |o 515 ROS 2019 |p 5565154 |r 2025-01-15 |w 2020-01-06 |y BK |z Catalogado en:20191111 |k EST | ||
| 952 | |0 0 |1 0 |3 erb |4 0 |6 515_000000000000000_ROS_2019 |7 0 |8 A |9 495429 |a BIBGIM |b BIBGIM |d 2019-10-17 |e 1 |g 66872.00 |i 5565162 |o 515 ROS 2019 |p 5565162 |r 2025-01-15 |w 2020-01-06 |y BK |z Catalogado en:20191111 |k EST | ||
| 952 | |0 0 |1 0 |3 erb |4 0 |6 515_000000000000000_ROS_2019 |7 0 |8 A |9 495430 |a BIBGIM |b BIBGIM |d 2019-10-17 |e 1 |g 66872.00 |i 5565170 |o 515 ROS 2019 |p 5565170 |r 2025-01-15 |w 2020-01-06 |y BK |z Catalogado en:20191111 |k EST | ||
| 952 | |0 0 |1 0 |3 erb |4 0 |6 515_000000000000000_ROS_2019 |7 0 |8 A |9 495431 |a BIBGIM |b BIBGIM |d 2019-10-17 |e 1 |g 66872.00 |i 5565189 |o 515 ROS 2019 |p 5565189 |r 2025-01-15 |w 2020-01-06 |y BK |z Catalogado en:20191111 |k EST | ||
| 952 | |0 0 |1 0 |3 erb |4 0 |6 515_000000000000000_ROS_2019 |7 0 |8 A |9 495432 |a BIBGIM |b BIBGIM |d 2019-10-17 |e 1 |g 66872.00 |i 5565197 |l 1 |o 515 ROS 2019 |p 5565197 |r 2025-01-15 |s 2024-04-17 |w 2020-01-06 |y BK |z Catalogado en:20191111 |k EST | ||
| 952 | |0 0 |1 0 |3 erb |4 0 |6 515_000000000000000_ROS_2019 |7 0 |8 A |9 495433 |a BIBGIM |b BIBGIM |d 2019-10-17 |e 1 |g 66872.00 |i 5565200 |o 515 ROS 2019 |p 5565200 |r 2025-01-15 |w 2020-01-06 |y BK |z Catalogado en:20191111 |k EST | ||
| 952 | |0 0 |1 0 |3 erb |4 0 |6 515_000000000000000_ROS_2019 |7 0 |8 A |9 495434 |a BIBGIM |b BIBGIM |d 2019-10-17 |e 1 |g 66872.00 |i 5565219 |o 515 ROS 2019 |p 5565219 |r 2025-01-15 |w 2020-01-06 |y BK |z Catalogado en:20191111 |k EST | ||